[Event "Como Province-ch"]
[Site "Erba"]
[Date "2015.01.25"]
[Round "6"]
[White "Gatti, Daniele Guglielmo"]
[Black "Bonuglia, Gabriele"]
[Result "1-0"]
[WhiteElo "1440"]
[BlackElo "1407"]
[PlyCount "43"]
[EventDate "2015.01.17"]
[EventType "swiss"]
[EventRounds "6"]
[EventCountry "ITA"]
[SourceTitle "EXT 2017"]
[Source "ChessBase"]
[SourceDate "2016.10.25"]
[SourceVersion "1"]
[SourceVersionDate "2016.10.25"]
[SourceQuality "1"]

1. e4 c5 2. Nf3 d6 3. d4 cxd4 4. Nxd4 Nf6 5. Nc3 e5 6. Nb3 Be7 7. Bg5 Nbd7 8. Bxf6 Nxf6 9. Be2 0-0 10. 0-0 Be6 11. Nd2 Rc8 12. Nf3 Qb6 13. Rb1 Rfd8 14. Ng5 d5 15. Nxe6 Qxe6 16. exd5 Nxd5 17. Bg4 f5 18. Bxf5 Qxf5 19. Nxd5 Qf7 20. Nxe7+ Qxe7 21. Qf3 Rxc2 22. Qb3+ 1-0